000 01035nas a2200325 4500
001 BR8707072
003 BR-BrBNA
005 20231205090909.0
007 ta
008 230509b bl.|||p| |||| 00| 00por d
040 _aBR-BrBNA
_bpor
_cBiblioteca Nacional de Agricultura
041 _a(Pt)
072 _aL73; L70
100 1 _aAraujo, R.B. de
100 1 _aFerreira, P.M.
100 1 _aPompermayer, L.G.
100 1 _aCarlo, R.J. del
100 1 _aCardoso, W.M.
100 1 _aQuessada, A.M.
100 1 _aGuimaraes, J.E.
245 1 _aBroncografia com metodo adicional no diagnostico de doencas respiratorias em caes
246 1 _aBronchography as an additional methol for diagnosis of the respiratory diseases in dogs
650 _aCAO
650 _aBRONQUITE
650 _aDIAGNOSTICO
650 _aRADIOGRAFIA
773 0 _tRevista Brasileira de Medicina Veterinaria (Brazil)
_xISSN 0100-2430
_g(Jan-Mar 1987), v. 9(1) p. 7-8
_wBR8707072
909 _a202311
_bLúcia
_c55
_dLúcia Elande
942 _2AGRIS
_n0
_cANA
999 _c121507
_d121507